U.S. Cities by Letter - B (Map Quiz) - Statistics

General Stats
  • This quiz has been taken 1,702 times
  • The average score is 15 of 20
Answers on the Map
Answers color-coded by a green-red scale on the quiz's map according to % correct below.
 
Answer Stats
Answer % Correct
Baltimore
94%
Boston
94%
Baton Rouge
93%
Buffalo
93%
Boise
92%
Birmingham
89%
Bismarck
87%
Bakersfield
85%
Boulder
83%
Bridgeport
73%
Bangor
71%
Bowling Green
68%
Billings
67%
Biloxi
67%
Brownsville
67%
Bend
66%
Broken Arrow
66%
Bozeman
62%
Beaumont
59%
Bellingham
58%
No matching quizzes found
Score Distribution
Percent of People with Each Score
Percentile by Number Answered
Your Score History
You have not taken this quiz